[Event "17. Obert Int. Sant Marti 2015 - B"]
[Site "Barcelona ESP"]
[Date "2015.07.18"]
[Round "6.16"]
[White "Sanchez Esteban, Emilio"]
[Black "Carrey Abellan, Enric"]
[Result "1/2-1/2"]
[WhiteElo "1947"]
[BlackElo "2022"]
[PlyCount "139"]
[EventDate "2015.07.13"]
[EventType "swiss"]
[EventRounds "9"]
[EventCountry "ESP"]
[SourceTitle "Ajedrez en Madrid"]
[Source "lmi"]
[SourceDate "2015.07.13"]
[SourceVersion "1"]
[SourceVersionDate "2019.06.21"]
[SourceQuality "1"]

1. d4 Nf6 2. Nf3 g6 3. c4 c5 4. d5 b5 5. cxb5 a6 6. b6 Qxb6 7. Nc3 d6 8. e4 Bg4
9. Be2 Bxf3 10. Bxf3 Bg7 11. O-O O-O 12. Qc2 Nbd7 13. Be2 Rfb8 14. Rb1 Qb4 15.
b3 Ne5 16. a3 Qb7 17. b4 cxb4 18. Rxb4 Qc7 19. Bd2 a5 20. Rxb8+ Rxb8 21. Rc1
Ned7 22. Be3 Nc5 23. Nb5 Qd7 24. Bxc5 dxc5 25. a4 Rc8 26. f3 Ne8 27. f4 Nd6 28.
Rd1 Qd8 29. Bg4 Rb8 30. Be2 Qb6 31. e5 c4+ 32. Kh1 Nxb5 33. Rb1 Qf2 34. Qxc4
Bf8 35. axb5 a4 36. Rf1 Qe3 37. Ra1 a3 38. g3 g5 39. Qd3 Qxd3 40. Bxd3 gxf4 41.
gxf4 Ra8 42. Bc4 Bh6 43. b6 Rb8 44. Rb1 Bxf4 45. e6 f6 46. b7 Be5 47. Kg2 Bb2
48. d6 exd6 49. e7+ Kg7 50. Kf3 f5 51. Re1 Be5 52. Rb1 d5 53. Bxd5 Re8 54. Rg1+
Kf6 55. Re1 Bb8 56. Ra1 Bd6 57. Rb1 Kxe7 58. Re1+ Kf8 59. Rxe8+ Kxe8 60. h3 Ke7
61. h4 Kf6 62. Ba2 Ke5 63. Ke3 Bc7 64. Kd3 Kd6 65. Kc3 Kc6 66. Kb4 Bd6+ 67. Kb3
Kxb7 68. Bb1 f4 69. Bxh7 Kc7 70. Be4 1/2-1/2

[Event "17. Obert Int. Sant Marti 2015 - B"]
[Site "Barcelona ESP"]
[Date "2015.07.18"]
[Round "6.17"]
[White "Martinez Hernandez, Emili"]
[Black "Fuentes Barrientos, Carlos"]
[Result "1/2-1/2"]
[WhiteElo "2018"]
[BlackElo "1916"]
[PlyCount "157"]
[EventDate "2015.07.13"]
[EventType "swiss"]
[EventRounds "9"]
[EventCountry "ESP"]
[SourceTitle "Ajedrez en Madrid"]
[Source "lmi"]
[SourceDate "2015.07.13"]
[SourceVersion "1"]
[SourceVersionDate "2019.06.21"]
[SourceQuality "1"]

1. d4 Nf6 2. e3 c5 3. c3 d5 4. f4 Bg4 5. Nf3 Nc6 6. Be2 cxd4 7. exd4 e6 8. O-O
Bd6 9. Ne5 Bxe2 10. Qxe2 Qc7 11. Nd2 O-O 12. Ndf3 Rae8 13. Nxc6 bxc6 14. Ne5
Bxe5 15. fxe5 Ne4 16. Be3 f5 17. exf6 Nxf6 18. Bf4 Qd7 19. Rad1 Rf7 20. Be5 Ne4
21. Rxf7 Qxf7 22. Rf1 Qg6 23. Rf4 Rf8 24. Rg4 Ng5 25. h4 Qb1+ 26. Kh2 Rf1 27.
Rxg5 g6 28. h5 Re1 29. Qg4 Rh1+ 30. Kg3 Qe1+ 31. Kf4 Rf1+ 32. Qf3 Qh4+ 33. Rg4
g5+ 34. Ke3 Rxf3+ 35. gxf3 Qxh5 36. Rg3 Kf7 37. Rg2 Qg6 38. a3 h5 39. Ke2 Qc2+
40. Kf1 Qd1+ 41. Kf2 Kg6 42. Bf4 g4 43. fxg4 hxg4 44. Bg3 Kf5 45. Be5 Ke4 46.
Kg3 Qf3+ 47. Kh2 Qh3+ 48. Kg1 Qe3+ 49. Kh2 Qh3+ 50. Kg1 Qh4 51. Bg3 Qh3 52. Be5
Kf3 53. Rf2+ Ke3 54. Rg2 Qh5 55. Bg3 Kd3 56. Bf4 Kc4 57. Bg3 Kb3 58. Bf4 Qf5
59. Bd6 a5 60. Bc7 a4 61. Bd6 Qf3 62. Kh2 Kc4 63. Kg1 Kb5 64. Kh2 Ka6 65. Kg1
Kb7 66. Kh2 Kc8 67. Kg1 Kd7 68. Be5 Ke7 69. Bb8 Kd7 70. Be5 Ke7 71. Kh2 Kf7 72.
Kg1 Kg6 73. Kh2 Kh5 74. Kg1 Qd1+ 75. Kh2 Qf1 76. Bg3 Kg5 77. Be5 Kf5 78. Bg3
Ke4 79. Be5 1/2-1/2

[Event "17. Obert Int. Sant Marti 2015 - B"]
[Site "Barcelona ESP"]
[Date "2015.07.18"]
[Round "6.18"]
[White "Muratet Carmona, Julia"]
[Black "Martinez Talavera, Jordi"]
[Result "0-1"]
[WhiteElo "1942"]
[BlackElo "2008"]
[PlyCount "84"]
[EventDate "2015.07.13"]
[EventType "swiss"]
[EventRounds "9"]
[EventCountry "ESP"]
[SourceTitle "Ajedrez en Madrid"]
[Source "lmi"]
[SourceDate "2015.07.13"]
[SourceVersion "1"]
[SourceVersionDate "2019.06.21"]
[SourceQuality "1"]

1. e4 e6 2. d4 d5 3. Nc3 Bb4 4. e5 c5 5. a3 Bxc3+ 6. bxc3 Ne7 7. Nf3 Nbc6 8.
Bb5 Bd7 9. O-O Nxe5 10. Bxd7+ Nxd7 11. dxc5 O-O 12. Qd4 Qa5 13. Qb4 Qc7 14. Bf4
e5 15. Rfe1 Nc6 16. Qb3 exf4 17. Qxd5 Nf6 18. Qf5 Rad8 19. c4 Nd4 20. Nxd4 Rxd4
21. Re5 Rfd8 22. Rae1 Rd1 23. h3 Rxe1+ 24. Rxe1 Rd4 25. Rb1 h6 26. Rb4 Ne4 27.
Rb1 Qxc5 28. Qxf4 Nd6 29. Qg3 Qxc4 30. Rc1 Qd5 31. Kh2 Kh7 32. Qe3 Nc4 33. Qb3
Qg5 34. Re1 Qf4+ 35. Kg1 Rd2 36. Rf1 b6 37. Qc3 Qd4 38. Qf3 Qd5 39. Qf4 Rd1 40.
Qg4 Rxf1+ 41. Kxf1 Nxa3 42. c3 Qc4+ 0-1

[Event "17. Obert Int. Sant Marti 2015 - B"]
[Site "Barcelona ESP"]
[Date "2015.07.18"]
[Round "6.19"]
[White "Julia Yebra, David"]
[Black "Alquezar Calpena, Marc"]
[Result "1-0"]
[WhiteElo "2002"]
[BlackElo "1907"]
[PlyCount "99"]
[EventDate "2015.07.13"]
[EventType "swiss"]
[EventRounds "9"]
[EventCountry "ESP"]
[SourceTitle "Ajedrez en Madrid"]
[Source "lmi"]
[SourceDate "2015.07.13"]
[SourceVersion "1"]
[SourceVersionDate "2019.06.21"]
[SourceQuality "1"]

1. c4 Nf6 2. Nc3 g6 3. d4 Bg7 4. g3 c6 5. Bg2 d5 6. cxd5 Nxd5 7. Nxd5 cxd5 8.
Nf3 O-O 9. O-O Nc6 10. e3 Qb6 11. b3 Bg4 12. Qd2 Rac8 13. Bb2 Nb4 14. Ba3 Nc2
15. Bc5 Qc6 16. Qxc2 b6 17. Rac1 bxc5 18. dxc5 e6 19. Nd4 Bxd4 20. exd4 Qb5 21.
Qd2 Bf5 22. Rfe1 a5 23. Bf1 Qb4 24. Qe3 Rfe8 25. f4 a4 26. Qc3 Rb8 27. bxa4
Qxa4 28. Re2 Rb4 29. Rd2 Rc8 30. Be2 Rcb8 31. g4 Be4 32. c6 Rb1 33. c7 Rxc1+
34. Qxc1 Rc8 35. Qc5 Qd7 36. Rb2 Qxc7 37. Qxc7 Rxc7 38. a4 Ra7 39. Bb5 Bf3 40.
g5 Bd1 41. Kf2 Kf8 42. Ke1 Rxa4 43. Bxa4 Bxa4 44. Rb8+ Be8 45. Kd2 Ke7 46. Kc3
Kf8 47. Kb4 Ke7 48. Kc5 Kd7 49. Rb7+ Kc8 50. Ra7 1-0

[Event "17. Obert Int. Sant Marti 2015 - B"]
[Site "Barcelona ESP"]
[Date "2015.07.18"]
[Round "6.20"]
[White "Poyato Duran, David"]
[Black "Ramos Alvarez, Maximo"]
[Result "0-1"]
[WhiteElo "1931"]
[BlackElo "2002"]
[PlyCount "58"]
[EventDate "2015.07.13"]
[EventType "swiss"]
[EventRounds "9"]
[EventCountry "ESP"]
[SourceTitle "Ajedrez en Madrid"]
[Source "lmi"]
[SourceDate "2015.07.13"]
[SourceVersion "1"]
[SourceVersionDate "2019.06.21"]
[SourceQuality "1"]

1. d4 Nf6 2. c4 e5 3. e3 exd4 4. exd4 d5 5. Bg5 Nc6 6. cxd5 Qxd5 7. Bxf6 gxf6
8. Nf3 Rg8 9. Nc3 Bb4 10. a3 Bxc3+ 11. bxc3 Qa5 12. Qd2 Bf5 13. Be2 O-O-O 14.
Kf1 Be4 15. Qb2 Qf5 16. Rg1 Rde8 17. Qb5 Qf4 18. Qh5 Bxf3 19. Bxf3 Qd2 20. Qf5+
Kb8 21. Rb1 Rg5 22. Qxh7 Qxc3 23. Rd1 f5 24. Qxf7 Rgg8 25. Qxf5 Nxd4 26. Qd3
Re1+ 27. Rxe1 Qxd3+ 28. Be2 Nxe2 29. Rxe2 Re8 0-1

[Event "17. Obert Int. Sant Marti 2015 - B"]
[Site "Barcelona ESP"]
[Date "2015.07.18"]
[Round "6.22"]
[White "Brunet Gil, Pol"]
[Black "Gomez Guinovart, Josep Manel"]
[Result "1-0"]
[WhiteElo "1967"]
[BlackElo "1861"]
[PlyCount "57"]
[EventDate "2015.07.13"]
[EventType "swiss"]
[EventRounds "9"]
[EventCountry "ESP"]
[SourceTitle "Ajedrez en Madrid"]
[Source "lmi"]
[SourceDate "2015.07.13"]
[SourceVersion "1"]
[SourceVersionDate "2019.06.21"]
[SourceQuality "1"]

1. e4 e6 2. d4 d5 3. exd5 exd5 4. Bd3 Bd6 5. Nf3 Ne7 6. O-O O-O 7. c3 Re8 8.
Qc2 Ng6 9. Bg5 f6 10. Be3 Nf8 11. Nbd2 Be6 12. Rfe1 c6 13. Nb3 Nbd7 14. a4 Qc7
15. h3 Bf7 16. Nbd2 Bg6 17. Re2 Re7 18. Rae1 Rae8 19. Bxg6 Nxg6 20. Nf1 Ndf8
21. N1h2 Ne6 22. Ng4 Bf4 23. c4 Bxe3 24. Nxe3 dxc4 25. Qxc4 Kh8 26. Nf5 Ngf4
27. Nxe7 Nxe2+ 28. Rxe2 Qxe7 29. d5 1-0

[Event "17. Obert Int. Sant Marti 2015 - B"]
[Site "Barcelona ESP"]
[Date "2015.07.18"]
[Round "6.23"]
[White "Tortosa Moros, Joan"]
[Black "Perez Cuadrado, Eduardo"]
[Result "0-1"]
[WhiteElo "1911"]
[BlackElo "1960"]
[PlyCount "126"]
[EventDate "2015.07.13"]
[EventType "swiss"]
[EventRounds "9"]
[EventCountry "ESP"]
[SourceTitle "Ajedrez en Madrid"]
[Source "lmi"]
[SourceDate "2015.07.13"]
[SourceVersion "1"]
[SourceVersionDate "2019.06.21"]
[SourceQuality "1"]

1. e4 e5 2. Nf3 Nf6 3. Nxe5 d6 4. Nf3 Nxe4 5. Nc3 Nxc3 6. dxc3 Be7 7. Be3 Nc6
8. Qd2 Bf5 9. O-O-O a6 10. Nd4 Qd7 11. Nxf5 Qxf5 12. Bd3 Qd7 13. f4 O-O-O 14.
g4 g6 15. f5 Ne5 16. Bd4 Nf3 17. Qg2 Nxd4 18. cxd4 d5 19. Kb1 Kb8 20. Rhf1 Bb4
21. Rf3 Rde8 22. fxg6 fxg6 23. Bxa6 bxa6 24. Rb3 a5 25. a3 Qb5 26. axb4 axb4
27. Qd2 Qc6 28. Qxb4+ Kc8 29. Qb8+ Kd7 30. Qb5 Re4 31. Qxc6+ Kxc6 32. h3 Rf8
33. Rc3+ Kd6 34. Rcd3 Re2 35. Kc1 Rf4 36. b3 c6 37. c4 Rff2 38. c5+ Kd7 39.
R3d2 Rxd2 40. Rxd2 Rf3 41. Ra2 Rxh3 42. Ra7+ Kc8 43. Ra6 Kb7 44. Rb6+ Kc7 45.
Ra6 Rxb3 46. Ra7+ Rb7 47. Ra3 Kd8 48. Kd2 h5 49. gxh5 gxh5 50. Rh3 Rh7 51. Kd3
Ke7 52. Ke3 Kf6 53. Kf4 h4 54. Kg4 Rh6 55. Kf4 Kg6 56. Kg4 Rh7 57. Re3 h3 58.
Re1 h2 59. Rh1 Rh5 60. Kf4 Rh4+ 61. Ke5 Kg5 62. Kd6 Rh6+ 63. Ke5 Kg4 0-1

[Event "17. Obert Int. Sant Marti 2015 - B"]
[Site "Barcelona ESP"]
[Date "2015.07.18"]
[Round "6.24"]
[White "Fernandez Pintado, Xavier"]
[Black "Canela Gimenez, M|_ Concepción"]
[Result "1/2-1/2"]
[WhiteElo "1906"]
[BlackElo "1959"]
[PlyCount "95"]
[EventDate "2015.07.13"]
[EventType "swiss"]
[EventRounds "9"]
[EventCountry "ESP"]
[SourceTitle "Ajedrez en Madrid"]
[Source "lmi"]
[SourceDate "2015.07.13"]
[SourceVersion "1"]
[SourceVersionDate "2019.06.21"]
[SourceQuality "1"]

1. d4 c5 2. d5 e5 3. Nc3 d6 4. e3 g6 5. Nge2 Bg7 6. Ng3 a6 7. Be2 Ne7 8. O-O
O-O 9. e4 f5 10. exf5 Nxf5 11. Nce4 b5 12. Bg5 Qc7 13. Nxf5 Bxf5 14. Ng3 Nd7
15. Nxf5 Rxf5 16. Qd2 e4 17. Bg4 Bxb2 18. Rab1 Bg7 19. Bxf5 gxf5 20. Bh6 Ne5
21. Rb3 Bxh6 22. Qxh6 Kh8 23. Rg3 Ng4 24. Qf4 Qd7 25. h3 Nf6 26. Rd1 Nh5 27.
Qd2 Nxg3 28. fxg3 Rg8 29. Qf4 Re8 30. Re1 Re5 31. c4 bxc4 32. Rb1 c3 33. Qh6
Re8 34. Qf6+ Kg8 35. Qxc3 Qg7 36. Qb3 e3 37. Qa4 Qe5 38. Re1 Rb8 39. Qh4 Qd4
40. Qg5+ Kh8 41. Kh2 Re8 42. Qxf5 Qe5 43. Qf3 a5 44. Re2 a4 45. Qg4 Qd4 46. Qd7
Qe5 47. Qxa4 Rf8 48. Qb3 1/2-1/2

[Event "17. Obert Int. Sant Marti 2015 - B"]
[Site "Barcelona ESP"]
[Date "2015.07.18"]
[Round "6.25"]
[White "Llige Porta, Joan"]
[Black "Branca, Colin"]
[Result "1-0"]
[WhiteElo "1959"]
[BlackElo "1850"]
[PlyCount "42"]
[EventDate "2015.07.13"]
[EventType "swiss"]
[EventRounds "9"]
[EventCountry "ESP"]
[SourceTitle "Ajedrez en Madrid"]
[Source "lmi"]
[SourceDate "2015.07.13"]
[SourceVersion "1"]
[SourceVersionDate "2019.06.21"]
[SourceQuality "1"]

1. d4 d5 2. Bf4 Bf5 3. Nf3 Nf6 4. e3 e6 5. Bd3 Bxd3 6. Qxd3 c5 7. Qb5+ Qd7 8.
Qxd7+ Nbxd7 9. Nbd2 Be7 10. h3 Rc8 11. c3 O-O 12. O-O cxd4 13. cxd4 Bb4 14. Nb3
Ne4 15. Rac1 f6 16. Rc7 Rxc7 17. Bxc7 Bd6 18. Bxd6 Nxd6 19. Rc1 Rc8 20. Rxc8+
Nxc8 21. Na5 e5 1-0

[Event "17. Obert Int. Sant Marti 2015 - B"]
[Site "Barcelona ESP"]
[Date "2015.07.18"]
[Round "6.26"]
[White "Pera Muntasell, Marc"]
[Black "Cervera Lopez, Miguel"]
[Result "1-0"]
[WhiteElo "1958"]
[BlackElo "1831"]
[PlyCount "71"]
[EventDate "2015.07.13"]
[EventType "swiss"]
[EventRounds "9"]
[EventCountry "ESP"]
[SourceTitle "Ajedrez en Madrid"]
[Source "lmi"]
[SourceDate "2015.07.13"]
[SourceVersion "1"]
[SourceVersionDate "2019.06.21"]
[SourceQuality "1"]

1. e4 c5 2. Nf3 Nc6 3. d4 cxd4 4. Nxd4 e5 5. Nb5 a6 6. Nd6+ Bxd6 7. Qxd6 Nf6 8.
Nc3 Qe7 9. Qxe7+ Nxe7 10. Bg5 b5 11. Bd3 h6 12. Bh4 g5 13. Bg3 d6 14. h4 Nh5
15. hxg5 Nxg3 16. fxg3 Bg4 17. gxh6 O-O-O 18. Be2 Be6 19. Bf3 Rdg8 20. O-O-O
Kc7 21. Rh5 Rxg3 22. Ne2 Rg6 23. Rdh1 Bg4 24. R5h2 Bxf3 25. gxf3 Rf6 26. Rh3
Rh7 27. Nc3 Kc6 28. b4 Rg6 29. Kd2 f5 30. Ke3 Rg2 31. Kd3 f4 32. a3 d5 33. Re1
dxe4+ 34. Nxe4 Ng8 35. Nc5 Ne7 36. Rxe5 1-0

[Event "17. Obert Int. Sant Marti 2015 - B"]
[Site "Barcelona ESP"]
[Date "2015.07.18"]
[Round "6.27"]
[White "Febrero Perez, Lluis"]
[Black "Roche Peris, Eduard"]
[Result "0-1"]
[WhiteElo "1787"]
[BlackElo "1958"]
[PlyCount "100"]
[EventDate "2015.07.13"]
[EventType "swiss"]
[EventRounds "9"]
[EventCountry "ESP"]
[SourceTitle "Ajedrez en Madrid"]
[Source "lmi"]
[SourceDate "2015.07.13"]
[SourceVersion "1"]
[SourceVersionDate "2019.06.21"]
[SourceQuality "1"]

1. e4 c5 2. Nf3 e6 3. a3 Nc6 4. d4 cxd4 5. Nxd4 Nf6 6. Nxc6 bxc6 7. Bd3 Be7 8.
b4 a5 9. e5 Nd5 10. b5 cxb5 11. Bxb5 Ba6 12. a4 Qc7 13. O-O Qxe5 14. Ra2 O-O
15. c4 Nf6 16. Bb2 Qc7 17. Bxf6 Bxf6 18. Rd2 Bxb5 19. cxb5 d5 20. Rc2 Qb7 21.
Qf3 Rfc8 22. Re2 Rc4 23. Ra2 Rac8 24. Rd1 Rc1 25. Nd2 Rxd1+ 26. Qxd1 Bc3 27.
Nb3 d4 28. h3 Qb6 29. Rc2 e5 30. Qd3 Qe6 31. Nc1 e4 32. Qd1 d3 33. Nxd3 exd3
34. Qxd3 Be5 35. Rc6 Qe8 36. Qd5 Rxc6 37. bxc6 Bc7 38. g4 h6 39. Kg2 Qd8 40.
Qe4 g6 41. Kf3 Qf6+ 42. Ke2 Qe6 43. Ke3 Qxe4+ 44. Kxe4 Kf8 45. Kd5 Ke7 46. h4
h5 47. f3 f6 48. gxh5 gxh5 49. Kc5 Ke6 50. f4 f5 0-1

[Event "17. Obert Int. Sant Marti 2015 - B"]
[Site "Barcelona ESP"]
[Date "2015.07.18"]
[Round "6.28"]
[White "Arce, Sebastian"]
[Black "Aparici Dealbert, Manel"]
[Result "0-1"]
[WhiteElo "1914"]
[BlackElo "1988"]
[PlyCount "23"]
[EventDate "2015.07.13"]
[EventType "swiss"]
[EventRounds "9"]
[EventCountry "ESP"]
[SourceTitle "Ajedrez en Madrid"]
[Source "lmi"]
[SourceDate "2015.07.13"]
[SourceVersion "1"]
[SourceVersionDate "2019.06.21"]
[SourceQuality "1"]

1. e4 e6 2. d4 d5 3. Nd2 c5 4. c3 Nc6 5. exd5 Qxd5 6. Ndf3 cxd4 7. cxd4 Nf6 8.
Bd3 Bd7 9. Ne2 Be7 10. O-O O-O 11. Ng3 Rfd8 12. Ne4 0-1

[Event "17. Obert Int. Sant Marti 2015 - B"]
[Site "Barcelona ESP"]
[Date "2015.07.18"]
[Round "6.29"]
[White "Serra Vilaro, Agusti"]
[Black "Minko, Olga"]
[Result "1-0"]
[WhiteElo "1953"]
[BlackElo "1559"]
[PlyCount "73"]
[EventDate "2015.07.13"]
[EventType "swiss"]
[EventRounds "9"]
[EventCountry "ESP"]
[SourceTitle "Ajedrez en Madrid"]
[Source "lmi"]
[SourceDate "2015.07.13"]
[SourceVersion "1"]
[SourceVersionDate "2019.06.21"]
[SourceQuality "1"]

1. d4 d5 2. c3 c6 3. e3 Bf5 4. f4 Nf6 5. Nf3 e6 6. Be2 Bd6 7. Nbd2 Nbd7 8. Ne5
Ne4 9. O-O f6 10. g4 Nxd2 11. Bxd2 Be4 12. Nd3 Qe7 13. Nf2 Bg6 14. a4 e5 15.
Bf3 O-O-O 16. b4 exf4 17. exf4 f5 18. Qb3 fxg4 19. Nxg4 h5 20. Nf2 Qh4 21. c4
Bxf4 22. Bxf4 Qxf4 23. cxd5 Qg5+ 24. Kh1 Bf7 25. Ne4 Qh6 26. Rac1 Kb8 27. Nc3
Nf6 28. Bg2 Bxd5 29. Nxd5 Nxd5 30. b5 Nc7 31. bxc6 b6 32. a5 b5 33. a6 Rxd4 34.
Rc5 Rg4 35. Rxb5+ Ka8 36. Rb7 Nxa6 37. Rxa7+ 1-0

[Event "17. Obert Int. Sant Marti 2015 - B"]
[Site "Barcelona ESP"]
[Date "2015.07.18"]
[Round "6.30"]
[White "Bernat Pascual, Magí"]
[Black "Maynat Diaz, Jose Antonio"]
[Result "0-1"]
[WhiteElo "1850"]
[BlackElo "2003"]
[PlyCount "94"]
[EventDate "2015.07.13"]
[EventType "swiss"]
[EventRounds "9"]
[EventCountry "ESP"]
[SourceTitle "Ajedrez en Madrid"]
[Source "lmi"]
[SourceDate "2015.07.13"]
[SourceVersion "1"]
[SourceVersionDate "2019.06.21"]
[SourceQuality "1"]

1. d4 d5 2. c4 dxc4 3. Nf3 Nf6 4. Nc3 e6 5. Bg5 Be7 6. e3 c6 7. Bxc4 Nbd7 8.
O-O h6 9. Bh4 Qc7 10. Bg3 Bd6 11. Bxd6 Qxd6 12. Qb3 b6 13. Rfd1 Bb7 14. Rac1
O-O 15. Be2 Rac8 16. Na4 Qb8 17. Rc2 c5 18. dxc5 Be4 19. Rc3 Bd5 20. Qc2 Ne4
21. c6 Nxc3 22. cxd7 Nxe2+ 23. Qxe2 Rcd8 24. Qb5 Qc7 25. Nc3 Bc6 26. Qe5 Qb7
27. Nh4 Rxd7 28. Rxd7 Qxd7 29. Nf3 Bxf3 30. gxf3 Rc8 31. Kg2 Qc7 32. Qe4 Qc5
33. h4 a5 34. Kg3 b5 35. a3 b4 36. axb4 axb4 37. Na4 Qd6+ 38. Kg2 Qb8 39. b3
Qd6 40. Qb7 Rc1 41. Nb2 Qd2 42. Nc4 Qe1 43. Qb8+ Kh7 44. Qh2 Qf1+ 45. Kg3 Qg1+
46. Qg2 Qxg2+ 47. Kxg2 Rxc4 0-1

[Event "17. Obert Int. Sant Marti 2015 - B"]
[Site "Barcelona ESP"]
[Date "2015.07.18"]
[Round "6.32"]
[White "Corominas Garrido, Jordi"]
[Black "Martinez Ferrer, Rafael"]
[Result "0-1"]
[WhiteElo "2017"]
[BlackElo "1930"]
[PlyCount "78"]
[EventDate "2015.07.13"]
[EventType "swiss"]
[EventRounds "9"]
[EventCountry "ESP"]
[SourceTitle "Ajedrez en Madrid"]
[Source "lmi"]
[SourceDate "2015.07.13"]
[SourceVersion "1"]
[SourceVersionDate "2019.06.21"]
[SourceQuality "1"]

1. c4 Nf6 2. Nc3 g6 3. Nf3 Bg7 4. g3 d6 5. Bg2 O-O 6. O-O e5 7. d3 c6 8. Rb1 a5
9. a3 Na6 10. b4 Qc7 11. b5 Nc5 12. Be3 Ne6 13. h3 Nh5 14. Qb3 Kh8 15. Ng5 Nd4
16. Bxd4 exd4 17. Nce4 h6 18. Nf3 f5 19. Ned2 a4 20. Qb2 c5 21. Rfe1 g5 22. Nh2
g4 23. hxg4 fxg4 24. Ne4 Nf6 25. Qd2 Nxe4 26. Bxe4 Qf7 27. f4 gxf3 28. exf3 Bh3
29. Re2 Rae8 30. Rbe1 b6 31. Qd1 Qh5 32. Bc6 Re3 33. Be4 Qg5 34. g4 Be5 35.
Rxe3 dxe3 36. Qe2 Qh4 37. Kh1 Qf2 38. Qxf2 exf2 39. Rd1 Bxh2 0-1

[Event "17. Obert Int. Sant Marti 2015 - B"]
[Site "Barcelona ESP"]
[Date "2015.07.18"]
[Round "6.33"]
[White "Salvador Muñoz, Josep M|_"]
[Black "Caro Martinez, Ramon"]
[Result "0-1"]
[WhiteElo "1936"]
[BlackElo "1969"]
[PlyCount "80"]
[EventDate "2015.07.13"]
[EventType "swiss"]
[EventRounds "9"]
[EventCountry "ESP"]
[SourceTitle "Ajedrez en Madrid"]
[Source "lmi"]
[SourceDate "2015.07.13"]
[SourceVersion "1"]
[SourceVersionDate "2019.06.21"]
[SourceQuality "1"]

1. e4 d6 2. d4 g6 3. Bd3 Bg7 4. c3 c5 5. dxc5 dxc5 6. Ne2 Qc7 7. Be3 Nf6 8. h3
O-O 9. Qc1 c4 10. Bc2 Rd8 11. O-O Nc6 12. Nd2 Ne5 13. Bf4 b5 14. Rd1 Bb7 15.
Bh2 Nfd7 16. Kf1 Qb6 17. f4 Nd3 18. Bxd3 cxd3 19. Nd4 Rac8 20. Bg1 a6 21. Re1
Qc7 22. Bh2 e5 23. fxe5 Nxe5 24. Qd1 Qe7 25. N2f3 Nxf3 26. Nxf3 Bxe4 27. Qd2
Qb7 28. Ne5 Bd5 29. Kg1 Qa7+ 30. Kf1 b4 31. Rac1 bxc3 32. bxc3 Bxa2 33. Nf3 Bc4
34. Be5 Re8 35. Bxg7 Kxg7 36. Ne5 Qc7 37. Ng4 Qb6 38. Rcd1 Re2 39. Rb1 Rxe1+
40. Kxe1 Qg1# 0-1

[Event "17. Obert Int. Sant Marti 2015 - B"]
[Site "Barcelona ESP"]
[Date "2015.07.18"]
[Round "6.34"]
[White "Pascual Duran, Pau"]
[Black "Gonzalez Jurado, Jesus"]
[Result "0-1"]
[WhiteElo "1897"]
[BlackElo "1966"]
[PlyCount "84"]
[EventDate "2015.07.13"]
[EventType "swiss"]
[EventRounds "9"]
[EventCountry "ESP"]
[SourceTitle "Ajedrez en Madrid"]
[Source "lmi"]
[SourceDate "2015.07.13"]
[SourceVersion "1"]
[SourceVersionDate "2019.06.21"]
[SourceQuality "1"]

1. e4 d6 2. d4 Nf6 3. Nc3 g6 4. f4 Bg7 5. Nf3 O-O 6. e5 dxe5 7. fxe5 Nd5 8. Bc4
Be6 9. Bb3 Nxc3 10. bxc3 Bxb3 11. cxb3 h6 12. O-O Nc6 13. h4 Qd7 14. Qe1 f5 15.
Qg3 Qe8 16. e6 Rc8 17. Bf4 Nd8 18. Rfe1 Rf6 19. d5 c6 20. Be5 Rf8 21. c4 cxd5
22. cxd5 Kh7 23. a4 b6 24. Rac1 Nb7 25. Bxg7 Kxg7 26. Ne5 Rxc1 27. Rxc1 Nc5 28.
Qc3 Kh7 29. a5 Qb5 30. b4 Ne4 31. Qe1 bxa5 32. bxa5 Qb2 33. Nd7 Rd8 34. Rd1 Qb3
35. a6 Qa2 36. Qf1 Qa3 37. Qd3 Qa2 38. Qe3 Qxa6 39. g4 Qa2 40. gxf5 gxf5 41.
Rf1 Rg8+ 42. Kh1 Qg2# 0-1

[Event "17. Obert Int. Sant Marti 2015 - B"]
[Site "Barcelona ESP"]
[Date "2015.07.18"]
[Round "6.35"]
[White "Subirana Santos, Marc"]
[Black "Jimenez Dominguez, Albert"]
[Result "1-0"]
[WhiteElo "1949"]
[BlackElo "1927"]
[PlyCount "53"]
[EventDate "2015.07.13"]
[EventType "swiss"]
[EventRounds "9"]
[EventCountry "ESP"]
[SourceTitle "Ajedrez en Madrid"]
[Source "lmi"]
[SourceDate "2015.07.13"]
[SourceVersion "1"]
[SourceVersionDate "2019.06.21"]
[SourceQuality "1"]

1. c4 Nf6 2. g3 e6 3. Bg2 d5 4. Nf3 Be7 5. O-O O-O 6. cxd5 exd5 7. d4 c6 8. Nc3
Bf5 9. h3 h6 10. a3 Nbd7 11. b4 a6 12. Na4 Re8 13. Bb2 Bd6 14. Rc1 Re7 15. e3
Be4 16. Nc5 Nxc5 17. dxc5 Bxf3 18. Bxf3 Be5 19. Bd4 Qc7 20. Rc2 Rae8 21. Rd2
Bxd4 22. Rxd4 Ne4 23. Qc2 Re5 24. Bxe4 Rxe4 25. Rfd1 Qd7 26. Rxe4 Rxe4 27. Qxe4
1-0

[Event "17. Obert Int. Sant Marti 2015 - B"]
[Site "Barcelona ESP"]
[Date "2015.07.18"]
[Round "6.36"]
[White "Domenche Redondo, Francesc"]
[Black "Hinarejos Montano, Andres"]
[Result "0-1"]
[WhiteElo "1947"]
[BlackElo "1854"]
[PlyCount "98"]
[EventDate "2015.07.13"]
[EventType "swiss"]
[EventRounds "9"]
[EventCountry "ESP"]
[SourceTitle "Ajedrez en Madrid"]
[Source "lmi"]
[SourceDate "2015.07.13"]
[SourceVersion "1"]
[SourceVersionDate "2019.06.21"]
[SourceQuality "1"]

1. d4 d6 2. Nf3 e6 3. e3 Be7 4. Bd3 d5 5. Nbd2 Nc6 6. c3 h6 7. b3 Nf6 8. Bb2 a6
9. Qe2 O-O 10. Rc1 b5 11. O-O Bd6 12. c4 Na7 13. c5 Be7 14. Ne5 c6 15. f4 Qe8
16. a3 Nd7 17. Bb1 Nxe5 18. fxe5 f5 19. exf6 Bxf6 20. Qd3 g6 21. Qxg6+ Qxg6 22.
Bxg6 Kg7 23. Bd3 Bd7 24. Rf3 Rg8 25. Rcf1 Raf8 26. e4 Be8 27. exd5 exd5 28.
Rg3+ Kh8 29. Rh3 Bg5 30. Nf3 Be3+ 31. Kh1 Bd7 32. Rh4 Bg4 33. Ne5 Rxf1+ 34.
Bxf1 Bf5 35. h3 Kh7 36. Bd3 Bxd3 37. Nxd3 Rf8 38. Rg4 Nc8 39. Ne5 Ne7 40. Bc3
Rf1+ 41. Kh2 Bg1+ 42. Kh1 Bxd4+ 43. Kh2 Bxc3 44. Nf3 Ra1 45. Rf4 Kg8 46. Rg4+
Kf7 47. Rf4+ Ke6 48. Rh4 Nf5 49. Rg4 Be5+ 0-1

[Event "17. Obert Int. Sant Marti 2015 - B"]
[Site "Barcelona ESP"]
[Date "2015.07.18"]
[Round "6.37"]
[White "Gonzalez Moreno, Antoni"]
[Black "Mañosas Vila, Ester"]
[Result "0-1"]
[WhiteElo "1945"]
[BlackElo "1895"]
[PlyCount "68"]
[EventDate "2015.07.13"]
[EventType "swiss"]
[EventRounds "9"]
[EventCountry "ESP"]
[SourceTitle "Ajedrez en Madrid"]
[Source "lmi"]
[SourceDate "2015.07.13"]
[SourceVersion "1"]
[SourceVersionDate "2019.06.21"]
[SourceQuality "1"]

1. c4 e5 2. Nc3 Nc6 3. g3 g6 4. Bg2 Bg7 5. e3 d6 6. Nge2 Be6 7. d3 Qd7 8. a3
Bh3 9. O-O h5 10. Ne4 Bxg2 11. Kxg2 h4 12. Rh1 h3+ 13. Kf1 Nf6 14. Ng1 Nxe4 15.
dxe4 Ne7 16. Ne2 f5 17. Nc3 fxe4 18. Nxe4 Qc6 19. Qd3 O-O-O 20. f3 d5 21. cxd5
Rxd5 22. Qe2 Rhd8 23. Kf2 Qd7 24. Nc3 Rd6 25. e4 Nc6 26. Nd5 Nd4 27. Qc4 Rc6
28. Qd3 Rc2+ 29. Bd2 Rf8 30. f4 Qg4 31. Rac1 Rxd2+ 32. Qxd2 Qf3+ 33. Ke1 Qxh1+
34. Kf2 Qxh2+ 0-1